[Event "TUR-chT 2nd League"]
[Site "Denizli"]
[Date "2023.07.11"]
[Round "4.86"]
[White "Yaman, Omer Yigit"]
[Black "Polat, Ali Gorkem"]
[Result "1-0"]
[WhiteElo "1612"]
[BlackElo "1612"]
[PlyCount "68"]
[EventDate "2023.07.09"]
[EventType "team-swiss"]
[EventRounds "9"]
[EventCountry "TUR"]
[SourceTitle "CBM 215 Extra"]
[Source "ChessBase"]
[SourceDate "2023.09.30"]
[SourceVersion "1"]
[SourceVersionDate "2023.09.30"]
[SourceQuality "1"]
[WhiteTeam "Celik"]
[BlackTeam "Mersin Altin Piyon"]
[WhiteTeamCountry "TUR"]
[BlackTeamCountry "TUR"]

1. d4 Nf6 2. Bg5 Ne4 3. h4 h6 4. Bf4 e6 5. Nd2 Nf6 6. e3 d6 7. Bd3 Nbd7 8. Ngf3 b6 9. c3 Bb7 10. Qe2 g6 11. 0-0-0 Bg7 12. e4 Qe7 13. Kb1 e5 14. Bg3 0-0 15. h5 Rfe8 16. hxg6 exd4 17. gxf7+ Kxf7 18. Nxd4 Nxe4 19. Qh5+ Kf8 20. Nf5 Ndf6 21. Nxe7 Nxh5 22. Ng6+ Kf7 23. Rxh5 Kxg6 24. Rh4 d5 25. f3 Bf6 26. Rg4+ Kf5 27. Rf4+ Kg5 28. fxe4 dxe4 29. Nxe4+ Bxe4 30. Bxe4 Re5 31. Bxa8 Re3 32. Rf3 Re2 33. Re1 Rxg2 34. Rf5+ Kxf5 1-0